000
00287nam a22001337a 4500
008
170815b xxu||||| |||| 00| 0 eng d
020
_a
0134361962
041
_a
eng
080
_a
311
100
_a
36
101
_a
STA
245
_a
HOWTO USE STATISTICS
_c
KIMBLE,G.A
942
_2
udc
_c
BK
999
_c
23478
_d
23478